|
|
|
|
| LEADER |
01943nam a2200349 a 4500 |
| 001 |
13469 |
| 003 |
BD-DhAAL |
| 008 |
091029s2002 bg b 001 0 eng d |
| 010 |
|
|
|a \\2002301118
|
| 020 |
|
|
|a 98444512702
|
| 020 |
|
|
|a 98444523107
|
| 040 |
|
|
|a DLC
|c DLC
|d BD-DhAAL
|
| 082 |
0 |
0 |
|a 303.482095492
|2 21
|
| 100 |
0 |
|
|a Kalam, Abul.
|9 36488
|
| 245 |
1 |
0 |
|a Globalization and Bangladesh in the new century /
|c Abul Kalam.
|
| 260 |
|
|
|a Dhaka :
|b Palok Publishers,
|c 2002, 2008
|
| 300 |
|
|
|a 112 pages ;
|c 22 cm.
|
| 504 |
|
|
|a Includes bibliographical references (pages [102]-110) and index.
|
| 526 |
|
|
|x Salim khan
Sr. program Associate
James P. Grant School.
Course name and no. N/A
|
| 541 |
1 |
|
|a A H Development publishing house
|e 13469
|
| 650 |
|
0 |
|a Globalization.
|9 39939
|
| 650 |
|
0 |
|a Globalization
|x Economic aspects.
|
| 650 |
|
0 |
|a Globalization
|x Social aspects
|z Bangladesh.
|9 39940
|
| 650 |
|
0 |
|a Sustainable development
|z Bangladesh.
|9 39941
|
| 650 |
|
0 |
|a International relations.
|9 39942
|
| 852 |
4 |
|
|a Ayesha Abed Library
|j General Stacks
|
| 942 |
|
|
|2 ddc
|c BK
|
| 999 |
|
|
|c 4962
|d 4962
|
| 952 |
|
|
|0 0
|1 0
|2 ddc
|4 0
|6 303_482095492000000_KAL
|7 0
|9 2344
|a JPGSPH
|b JPGSPH
|d 2009-04-28
|e A. H. Development Publishing House.
|g 120.00
|l 0
|o 303.482095492 KAL
|p 3060018458
|r 2009-07-21
|t 4
|w 2009-07-21
|y BK
|x Requisitioned by Salim khan, Sr. program Associate, James P. Grant School. Course name and no. N/A
|
| 952 |
|
|
|0 0
|1 0
|2 ddc
|4 0
|6 303_482095492000000_KAL
|7 0
|9 4786
|a BRACUL
|b BRACUL
|c GEN
|d 2009-11-01
|g 110.00
|l 1
|m 8
|o 303.482095492 KAL
|p 3010013469
|r 2012-04-12
|s 2012-03-01
|t 1
|w 2009-11-01
|y BK
|
| 952 |
|
|
|0 0
|1 0
|2 ddc
|3 Need to change call number within the book ;
|4 0
|6 303_482095492000000_KAL
|7 0
|9 7556
|a BRACUL
|b BRACUL
|c GEN
|d 2010-01-28
|g 110.00
|l 1
|o 303.482095492 KAL
|p 3010013470
|r 2012-08-13
|s 2012-05-19
|t 2
|w 2010-01-28
|y BK
|
| 952 |
|
|
|0 0
|1 0
|2 ddc
|4 0
|6 303_482095492000000_KAL
|7 0
|9 54436
|a SCL
|b SCL
|c GEN
|d 2015-06-20
|l 0
|o 303.482095492 KAL
|p 3020004186
|r 2015-06-20
|t 3
|w 2015-06-20
|y BK
|